Dibujo de ingeniería
Enregistré dans:
| Auteurs principaux: | , |
|---|---|
| Format: | Livre |
| Langue: | espagnol |
| Publié: |
Ciudad de México
McGraw Hill
1989
|
| Édition: | 3a. ed |
| Sujets: | |
| Tags: |
Ajouter un tag
Pas de tags, Soyez le premier à ajouter un tag!
|
MARC
| LEADER | 00000cam a2200000 a 4500 | ||
|---|---|---|---|
| 001 | UCO0413 | ||
| 003 | CL-VaPUC | ||
| 008 | 000420e19890000MX |||||||||||||||||spa|d | ||
| 082 | 0 | 4 | |a 604.2 |b FRE |2 21 |
| 100 | 0 | |a French, Thomas E |e author |9 441671 | |
| 700 | 0 | |a Vierck, Charles J |e author |9 441672 | |
| 245 | 1 | 0 | |a Dibujo de ingeniería |
| 250 | |a 3a. ed | ||
| 300 | |a 768 p | ||
| 942 | |c BK | ||
| 945 | |d 20000420 00:00:00 |a vberengu | ||
| 260 | |a Ciudad de México |b McGraw Hill |c 1989 | ||
| 650 | 0 | |a Artes gráficas |9 265865 | |
| 650 | 0 | |a Dibujo |9 260181 | |
| 650 | 7 | |a INGENIERIA DIBUJOS |2 CL-VaPUC |9 260182 | |
| 650 | 0 | |a Medios de comunicación |9 257206 | |
| 583 | |a last modification |c 20160303 05:36:04 |k Rodrigo Vera | ||
| 999 | |c 287122 |d 287120 | ||
| 952 | |0 0 |1 0 |4 0 |6 604_200000000000000_FRE_1989 |7 0 |8 A |9 333549 |a BIBING |b BIBING |d 2019-11-20 |i 3614646 |o 604.2 FRE 1989 |p 3614646 |r 2025-01-20 |w 2019-11-20 |y BK |k EIQ | ||
| 952 | |0 0 |1 0 |4 0 |6 604_200000000000000_FRE_1989 |7 0 |8 A |9 333550 |a BIBING |b BIBING |d 2019-11-20 |i 3614654 |l 1 |o 604.2 FRE 1989 |p 3614654 |r 2025-01-20 |s 2022-10-05 |w 2019-11-20 |y BK |k EIQ | ||
| 952 | |0 0 |1 0 |3 erb |4 0 |6 604_200000000000000_FRE_1989 |7 0 |8 A |9 333551 |a BIBING |b BIBING |i 5265762 |l 1 |o 604.2 FRE 1989 |p 5265762 |r 2025-01-20 |s 2022-04-04 |w 2019-11-20 |y BK |z Catalogado en:20160303 |k EIQ | ||